00413nam a2200157Ia 4500020001800000082001900018245004900037260004100086300001400127650001800141650002100159650002100180650001900201650001700220700001800237 a9781506308357 a363.73874 GLO; 0aGlobal issues: selections from CQ researcher aLos AngelesbSage Publicationsc2016 axxi, 419p aGLOBALIZATION aCLIMATIC CHANGES aCHEMICAL WEAPONS aCYBER SECURITY aHUMAN RIGHTS aCalabi, Sarah